000
00228 a2200097 4500
001
47840
100
_a
Pringl P
245
_a
Great discoverers in modern science
260
_a
London
_b
George G harrap
_c
090
_c
30838
_d
30838
942
_a
NUST-CAE
_c
M
_c
23156
999
_c
282913
_d
282913